Statistics for Major Presenters at E3

Click here to take the quiz!

General Stats

  • This quiz has been taken 19 times
    (7 since last reset)
  • The average score is 10 of 14

Answer Stats

Years AttendedCompany% Correct
1995-2019Nintendo
100%
1995-2018Sony
100%
1995-2001Sega
100%
2000-2019Microsoft
100%
2010-2019Electronic Arts
100%
2010-2019Ubisoft
83%
2015, 2016, 2018, 2019Square Enix
83%
2010-2013Konami
67%
2015-2019Bethesda Softworks
67%
1996Scavenger, Inc.
33%
2015Oculus VR
33%
2016Kadokawa Games
33%
2017Intel
33%
2017-2019Devolver Digital
33%

Score Distribution

Percentile by Number Answered

Percent of People with Each Score

Your Score History

You have not taken this quiz since the last reset